000 00597nam a2200181Ia 4500
008 100921s9999 xx 000 0 und d
082 _b31262
_a891.463 थ 87
100 _aशिरोडकर रजनी.
245 _aनकळत.
260 _bबांदोडकर प्रकाशन, गोवा.
_c1987
300 _a214
_bशांती पब्लिकेशन,पुणे
365 _b135
520 _aललित-कादंबरी.
630 _aनकळत.
650 _aललित-कादंबरी.
730 _aनकळत.
942 _cBOOK
999 _c780375
_d780372